Modern Power System Analysis (Record no. 3181)
[ view plain ]
| 000 -LEADER | |
|---|---|
| fixed length control field | 00351nam a2200145Ia 4500 |
| 008 - FIXED-LENGTH DATA ELEMENTS--GENERAL INFORMATION | |
| fixed length control field | 191201s2006 xx 000 0 und d |
| 082 ## - DEWEY DECIMAL CLASSIFICATION NUMBER | |
| Classification number | 621.3191 |
| Item number | KOM |
| 100 ## - MAIN ENTRY--PERSONAL NAME | |
| Personal name | KOTHARI, D P |
| 245 #0 - TITLE STATEMENT | |
| Title | Modern Power System Analysis |
| 250 ## - EDITION STATEMENT | |
| Edition statement | 3rd |
| 260 ## - PUBLICATION, DISTRIBUTION, ETC. (IMPRINT) | |
| Place of publication, distribution, etc | N.Delhi |
| Name of publisher, distributor, etc | Tata Mc Graw Hill |
| Date of publication, distribution, etc | 2006 |
| 300 ## - PHYSICAL DESCRIPTION | |
| Extent | 694 |
| 650 ## - SUBJECT ADDED ENTRY--TOPICAL TERM | |
| Topical term or geographic name as entry element | B.Tech(ECE) |
| 942 ## - ADDED ENTRY ELEMENTS (KOHA) | |
| Source of classification or shelving scheme | Dewey Decimal Classification |
| Koha item type | Text Books |
| Withdrawn status | Lost status | Source of classification or shelving scheme | Damaged status | Not for loan | Collection code | Home library | Current library | Date acquired | Source of acquisition | Cost, normal purchase price | Bill Number | Total Checkouts | Full call number | Acc. no. / Barcode | Date last seen | Date last borrowed | Bill Date | Koha item type |
|---|---|---|---|---|---|---|---|---|---|---|---|---|---|---|---|---|---|---|
| Dewey Decimal Classification | B.Tech(ECE) | PIET C-LIBRARY | PIET C-LIBRARY | 10/09/2007 | UDH, Delhi | 289.00 | 1494 | 1 | 621.3191 KOM | 7597 | 29/10/2024 | 19/06/2024 | 24/08/2007 | Text Books | ||||
| Dewey Decimal Classification | B.Tech(ECE) | PIET C-LIBRARY | PIET C-LIBRARY | 10/09/2007 | UDH, Delhi | 289.00 | 1494 | 621.3191 KOM | 7598 | 04/12/2019 | 24/08/2007 | Text Books |